000 00523nam a2200217Ia 4500
003 OSt
005 20220924153538.0
006 a|||||r|||| 00| 0
007 ta
008 220923b |||||||| |||| 00| 0 mar d
024 _a350668
037 _cTextual
040 _aARTS
_cARTS
_bmar
041 _2mar
_amar
082 _aO155, M8
100 _aModhe Vinayak Au.
_9229143
245 0 _aAdhakhand
260 _c1988
942 _hO155, M8
_cTEXL
_2CC
999 _c473981
_d473981